000 00655nam a22002177a 4500
003 UA-OsUOA
001 110086
007 ta
008 20150217b un ||||| |||| 00| 0 ukr d
100 _aБілорус О.Г.
090 _a330(477)
_bБ67
942 _cSA
040 _aUA-OsUOA
_bukr
_cUA-OsUOA
_dUA-OsUOA
245 _aГіперфінансіалізація світової економіки та її глобальні проблеми
300 _aС.32-42
955 _a0
041 _aukr
080 _a330(477)
773 0 _w110084
_tФінанси України
_dК.
_d2014
_g12
650 7 _a330 Економіка взагалі
_2UDC
999 _c396104
_d396104